<?xml version="1.0" encoding="UTF-8"?>
<record
    xmlns:xsi="http://www.w3.org/2001/XMLSchema-instance"
    xsi:schemaLocation="http://www.loc.gov/MARC21/slim http://www.loc.gov/standards/marcxml/schema/MARC21slim.xsd"
    xmlns="http://www.loc.gov/MARC21/slim">

  <leader>01579nam a2200205Ia 4500</leader>
  <controlfield tag="001">b6558-47109 </controlfield>
  <controlfield tag="003">IT-MiCISF</controlfield>
  <controlfield tag="008">161014s9999||||xx |||||||||||||| ||und||</controlfield>
  <datafield tag="040" ind1=" " ind2=" ">
    <subfield code="a">IT-MiCISF</subfield>
    <subfield code="c">IT-MiCISF</subfield>
  </datafield>
  <datafield tag="041" ind1=" " ind2=" ">
    <subfield code="a">it</subfield>
  </datafield>
  <datafield tag="100" ind1=" " ind2=" ">
    <subfield code="a">Merzagora Betsos Isabella</subfield>
  </datafield>
  <datafield tag="245" ind1=" " ind2="0">
    <subfield code="a">Uomini violenti</subfield>
    <subfield code="b">I partner abusanti e il loro trattamento</subfield>
  </datafield>
  <datafield tag="250" ind1=" " ind2=" ">
    <subfield code="a">1a ed.</subfield>
  </datafield>
  <datafield tag="260" ind1=" " ind2=" ">
    <subfield code="a"> Milano</subfield>
    <subfield code="b">Raffaello Cortina</subfield>
    <subfield code="c">2009</subfield>
  </datafield>
  <datafield tag="300" ind1=" " ind2=" ">
    <subfield code="a">pp. 232</subfield>
  </datafield>
  <datafield tag="500" ind1=" " ind2=" ">
    <subfield code="a"> / violenza-in-famiglia, uomo, abuso-coniugale, terapia, esperienze / Il volume affronta il tema della violenza in famiglia, in particolare dell'uxoricidio, sfatando non pochi pregiudizi e consentendo una conoscenza scientificamente fondata soprattutto dei fattori di rischio. Alla parte teorica, che spazia dalle teorie culturali a quelle che analizzano la personalit&#xE0; dell'abusante, si affianca il racconto, dalla voce dei protagonisti, di trenta storie di violenza, anche letale, compresi alcuni casi assurti all'"onore" della cronaca. Un'attenzione particolare &#xE8; dedicata ai programmi di trattamento per gli autori di violenza di coppia, finora del tutto assenti in Italia. Vengono descritti due progetti, uno per detenuti e uno per soggetti in libert&#xE0;: se ne analizzano gli obiettivi, primo fra tutti la responsabilizzazione degli aggressori, e le modalit&#xE0;, che includono raccolta delle notizie biografiche, trattamenti individuali o di gruppo, valutazione della pericolosit&#xE0; e della possiblit&#xE0; di recidiva</subfield>
  </datafield>
  <datafield tag="650" ind1=" " ind2=" ">
    <subfield code="a"> Dinamiche familiari / maltrattamenti-violenza</subfield>
    <subfield code="e">001</subfield>
  </datafield>
  <datafield tag="942" ind1=" " ind2=" ">
    <subfield code="c">BK</subfield>
  </datafield>
  <datafield tag="957" ind1=" " ind2=" ">
    <subfield code="7">1</subfield>
  </datafield>
  <datafield tag="999" ind1=" " ind2=" ">
    <subfield code="a">47109</subfield>
    <subfield code="b">si</subfield>
    <subfield code="g">1</subfield>
    <subfield code="c">210474</subfield>
    <subfield code="d">210474</subfield>
  </datafield>
  <datafield tag="952" ind1=" " ind2=" ">
    <subfield code="0">0</subfield>
    <subfield code="1">0</subfield>
    <subfield code="4">0</subfield>
    <subfield code="6">B_655847109</subfield>
    <subfield code="7">1</subfield>
    <subfield code="a">CISF</subfield>
    <subfield code="b">CISF</subfield>
    <subfield code="d">2016-10-14</subfield>
    <subfield code="l">0</subfield>
    <subfield code="o">b6558-47109 </subfield>
    <subfield code="r">2016-10-14 00:00:00</subfield>
    <subfield code="w">2016-10-14</subfield>
    <subfield code="y">BK</subfield>
    <subfield code="z">Data import 15.10.2016 / by Epidotti, Vaglietti</subfield>
  </datafield>
</record>
